|
|
|
|
| LEADER |
01764nam a2200493 a 4500 |
| 001 |
nkc20122344383 |
| 003 |
CZ PrNK |
| 005 |
20120404121837.0 |
| 007 |
ta |
| 008 |
120305s2012 xr a g f 001 0 cze |
| 015 |
|
|
|a cnb002344383
|
| 020 |
|
|
|a 978-80-256-0738-1
|q (váz.)
|
| 035 |
|
|
|a (OCoLC)791323310
|
| 040 |
|
|
|a ABA001
|b cze
|
| 041 |
1 |
|
|a cze
|h eng
|
| 072 |
|
7 |
|a 74
|x Kresba. Umělecká řemesla
|2 Konspekt
|9 21
|
| 080 |
|
|
|a 745
|2 MRF
|
| 080 |
|
|
|a 688.76:398.332.12
|2 MRF
|
| 080 |
|
|
|a (035)
|2 MRF
|
| 080 |
|
|
|a (084.11)
|2 MRF
|
| 100 |
1 |
|
|a Knighton, Kate
|7 xx0054671
|4 aut
|
| 245 |
1 |
0 |
|a 50 věcí, které si můžeš vyrobit na Velikonoce /
|c Kate Knightonová, Leonie Prattová, Fiona Wattová ; návrhy a ilustrace J. Thompsonová ... [et al.]
|
| 246 |
3 |
|
|a Padesát věcí, které si můžeš vyrobit na Velikonoce
|
| 250 |
|
|
|a 1. české vyd.
|
| 260 |
|
|
|a Praha :
|b Svojtka & Co,
|c 2012
|
| 300 |
|
|
|a 104 s. :
|b barev. il. ;
|c 18 cm
|
| 500 |
|
|
|a Přeloženo z angličtiny
|
| 500 |
|
|
|a Obsahuje rejstřík
|
| 650 |
0 |
7 |
|a výtvarné práce
|7 ph127466
|2 czenas
|
| 650 |
0 |
7 |
|a velikonoční dekorace
|7 ph137671
|2 czenas
|
| 650 |
0 |
9 |
|a handicraft
|2 eczenas
|
| 650 |
0 |
9 |
|a Easter decoration
|2 eczenas
|
| 655 |
|
7 |
|a příručky
|7 fd133209
|2 czenas
|
| 655 |
|
7 |
|a obrazové publikace
|7 fd132947
|2 czenas
|
| 655 |
|
9 |
|a handbooks and manuals
|2 eczenas
|
| 655 |
|
9 |
|a pictorial works
|2 eczenas
|
| 700 |
1 |
|
|a Pratt, Leonie
|7 mzk2008434082
|4 aut
|
| 700 |
1 |
|
|a Watt, Fiona,
|d 1960-
|7 ola20040302008
|4 aut
|
| 765 |
0 |
|
|t 50 Easter things to make and do
|9 Česky
|
| 910 |
2 |
|
|a BOA001
|b 1-1283.053
|
| 990 |
|
|
|a BK
|
| 995 |
|
|
|a 01
|
| 991 |
|
|
|b 201204
|c NOV
|e n
|
| 996 |
6 |
|
|b 2610505830
|c 1-1283.053
|l MZK
|r Sklad / do 1 hodiny
|n 8
|p p.v.
|w 001235703
|u 000010
|a 1
|e BOA001
|j MZK50
|s P
|